No in different languages - Sudden Death - Statistics

General Stats
  • This quiz has been taken 62 times
  • The average score is 3 of 8
Answers on the Grid
Answers color-coded by a green-red scale on the quiz's grid according to % correct below.
Ale
Amar
Lek̄h thī̀
Mas
Nay
Nee
Nein
Nu
Oui
Si
Точно (Tochno)
ない (Nai)
下 (Xia)
乃(Nai)
唔係(M Hai)
아니요 (Aniyo)
 
Answer Stats
Answer % Correct
Nein
82%
Nay
60%
Nee
56%
ない (Nai)
53%
Nu
36%
아니요 (Aniyo)
24%
Lek̄h thī̀
13%
唔係(M Hai)
9%
No matching quizzes found
Score Distribution
Percent of People with Each Score
Percentile by Number Answered
Your Score History
You have not taken this quiz